00542nam a22001577a 450000500170000001000230001702000260004003500140006608200110008010000180009124500810010925000060019026000490019627001190024530000200036420241211110422.0 aDEC24SC ENG-142914 a9789355015044c495.00 aEN-126446 a95421 aShukla, Ajay  aThe Making of Modern India: bFrom 1498 to the Modern Times/cby Ajay Shukla a1 aNew DelhibS Chand and Company Limitedc2023 a A-27, 2nd Floor, Mohan Co-operative Industrial EstatebNew Delhie110044minfo@schandpublishing.comk011-49731800 a438p.c23cm(pb)